[Event "Eurasia Cup op"]
[Site "Ekaterinburg"]
[Date "2019.08.08"]
[Round "9"]
[White "Trukhin, Dmitry"]
[Black "Aaliev, Mukan"]
[Result "1-0"]
[WhiteElo "1976"]
[BlackElo "1000"]
[PlyCount "92"]
[EventDate "2019.07.31"]
[EventType "swiss"]
[EventRounds "9"]
[EventCountry "RUS"]
[SourceTitle "EXT 2020"]
[Source "ChessBase"]
[SourceDate "2019.10.17"]
[SourceVersion "1"]
[SourceVersionDate "2019.10.17"]
[SourceQuality "1"]

1. d4 d5 2. c4 e6 3. Nc3 dxc4 4. e4 Nf6 5. Bxc4 Be7 6. Be3 0-0 7. f3 Nbd7 8. e5 Ne8 9. Bd3 f5 10. f4 c5 11. Nf3 b6 12. d5 exd5 13. Nxd5 Bb7 14. Bc4 Kh8 15. 0-0 Nc7 16. Nxe7 Qxe7 17. Ng5 b5 18. Qd6 Qxd6 19. exd6 Nd5 20. Bxd5 Bxd5 21. Rfd1 Bg8 22. Nf3 Rfe8 23. Ng5 Be6 24. Rac1 c4 25. b3 Rec8 26. bxc4 bxc4 27. Nf3 h6 28. Nd4 Nc5 29. Nxe6 Nxe6 30. Rd5 Rc6 31. d7 g6 32. Bd2 Kg7 33. Ba5 Nd8 34. Re5 Rd6 35. Re7+ Kf6 36. Rce1 g5 37. Bc3+ Kg6 38. Rg7+ Kh5 39. fxg5 hxg5 40. h3 Nc6 41. Rf1 f4 42. g4+ Kh6 43. h4 gxh4 44. Rxf4 Rd1+ 45. Kh2 Rd8 46. Rxc4 Nb8 1-0

[Event "Eurasia Cup op"]
[Site "Ekaterinburg"]
[Date "2019.08.05"]
[Round "5"]
[White "Grebnev, Aleksey"]
[Black "Aaliev, Mukan"]
[Result "1-0"]
[WhiteElo "2093"]
[BlackElo "1000"]
[PlyCount "92"]
[EventDate "2019.07.31"]
[EventType "swiss"]
[EventRounds "9"]
[EventCountry "RUS"]
[SourceTitle "CBM 191 Extra"]
[Source "ChessBase"]
[SourceDate "2019.09.30"]
[SourceVersion "1"]
[SourceVersionDate "2019.09.30"]
[SourceQuality "1"]

1. d4 d5 2. c4 Nf6 3. cxd5 Nxd5 4. e4 Nf6 5. Nc3 e6 6. a3 c5 7. d5 exd5 8. exd5 a6 9. a4 b6 10. Bc4 Bd6 11. Nf3 0-0 12. 0-0 h6 13. h3 Bf5 14. Nh4 Bh7 15. Bd3 Nbd7 16. Bxh7+ Nxh7 17. Nf5 Qf6 18. Nxd6 Qxd6 19. Qf3 Rad8 20. Bf4 Qf6 21. Qg3 Kh8 22. Rfd1 Qf5 23. Bc7 Rde8 24. Qd6 b5 25. axb5 axb5 26. Re1 Nhf6 27. Nxb5 Ne4 28. Qf4 Qxd5 29. Rad1 Qc6 30. Nc3 Nef6 31. Bd6 Rg8 32. Be7 Rb8 33. Rd6 Qb7 34. Bxf6 Nxf6 35. Rxf6 Kh7 36. Rxf7 Qxb2 37. Nd5 Rge8 38. Nf6+ Qxf6 39. Qxf6 Rxe1+ 40. Kh2 Rg8 41. Qf5+ Kh8 42. Qxc5 Ree8 43. f4 Re2 44. f5 Rb2 45. Qc3 Rf2 46. Qd3 Re8 1-0

[Event "Eurasia Cup op"]
[Site "Ekaterinburg"]
[Date "2019.08.03"]
[Round "4"]
[White "Aaliev, Mukan"]
[Black "Protopopova, Anastasiya"]
[Result "0-1"]
[WhiteElo "1000"]
[BlackElo "2274"]
[PlyCount "76"]
[EventDate "2019.07.31"]
[EventType "swiss"]
[EventRounds "9"]
[EventCountry "RUS"]
[SourceTitle "CBM 191 Extra"]
[Source "ChessBase"]
[SourceDate "2019.09.30"]
[SourceVersion "1"]
[SourceVersionDate "2019.09.30"]
[SourceQuality "1"]

1. e4 c5 2. Nc3 Nc6 3. Nd5 e6 4. Ne3 d5 5. exd5 exd5 6. Bb5 Nf6 7. d4 Qa5+ 8. c3 Qxb5 9. a4 Qb6 10. dxc5 Bxc5 11. Ne2 0-0 12. b4 Be7 13. Nxd5 Nxd5 14. Qxd5 Nxb4 15. cxb4 Rd8 16. Qb3 Bxb4+ 17. Nc3 Qe6+ 18. Qxe6 Bxc3+ 19. Ke2 Bxe6 20. Rb1 Bc4+ 21. Kf3 Rd6 22. Be3 Rf6+ 23. Kg3 Rg6+ 24. Kf3 Bd5+ 25. Ke2 Rxg2 26. Rhd1 Bc6 27. Bxa7 h6 28. Be3 Rxa4 29. Rbc1 Bf6 30. Rd6 Rxh2 31. Rg1 Bb5+ 32. Kf3 Rh3+ 33. Kg2 Rah4 34. Rc1 Rh2+ 35. Kf3 R2h3+ 36. Kg2 Bc6+ 37. Kf1 Bf3 38. Ke1 Bc3+ 0-1

[Event "Eurasia Cup op"]
[Site "Ekaterinburg"]
[Date "2019.07.31"]
[Round "1"]
[White "Averyanov, Grigori"]
[Black "Aaliev, Mukan"]
[Result "1-0"]
[WhiteElo "2131"]
[BlackElo "1000"]
[PlyCount "84"]
[EventDate "2019.07.31"]
[EventType "swiss"]
[EventRounds "9"]
[EventCountry "RUS"]
[SourceTitle "CBM 191 Extra"]
[Source "ChessBase"]
[SourceDate "2019.09.30"]
[SourceVersion "1"]
[SourceVersionDate "2019.09.30"]
[SourceQuality "1"]

1. Nf3 Nc6 2. d4 e6 3. e4 d5 4. e5 f6 5. exf6 Nxf6 6. Bd3 Bd6 7. 0-0 0-0 8. Re1 Nb4 9. Bf1 Ne4 10. Na3 a6 11. c3 Nc6 12. Nc2 Ne7 13. Bd3 Nf6 14. Ne5 Nf5 15. g4 Ne7 16. g5 Ne4 17. Bxe4 dxe4 18. Rxe4 Nf5 19. Qg4 b5 20. Bf4 b4 21. Nc6 Qd7 22. Bxd6 Nxd6 23. Ne5 Qb5 24. Re3 bxc3 25. bxc3 Qb2 26. Qd1 Nf7 27. Rb1 Qxa2 28. Nb4 Qa5 29. Nbc6 Qa3 30. c4 Qa2 31. Ra1 Qb2 32. Rb3 Qxf2+ 33. Kxf2 Nxe5+ 34. Kg1 Nxc6 35. Rf3 Bb7 36. Rxf8+ Rxf8 37. Rb1 Ba8 38. Qg4 Re8 39. Re1 Kf7 40. Qh5+ Kf8 41. Qxh7 Nxd4 42. Qh8+ Kf7 1-0